Clipse Charting Songs (Billboard Hot 100) - Statistics

General Stats
  • This quiz has been taken 48 times
    29 since last reset
  • The average score is 8 of 11
Answer Stats
Album Weeks On Peak Artist(s) Song % Correct
Let God Sort Em Out 2 Weeks #42 Clipse & Kendrick Lamar Chains & Whips
100%
Let God Sort Em Out 1 Week #65 Clipse & Tyler, The Creator P.O.V.
96%
Let God Sort Em Out 1 Week #92 Clipse, John Legend & Voices Of Fire The Birds Don't Sing
96%
Let God Sort Em Out 1 Week #78 Clipse Ace Trumpets
84%
Lord Willin' 20 Weeks #30 Clipse Grindin'
84%
Let God Sort Em Out 1 Week #62 Clipse So Be It
84%
Let God Sort Em Out 1 Week #95 Clipse M.T.B.T.T.F.
72%
JESUS IS KING 1 Week #37 Kanye West ft. Clipse & Kenny G Use This Gospel
44%
Lord Willin' 6 Weeks #86 Clipse ft. Faith Evans Ma, I Don't Love Her
36%
Birdman 11 Weeks #45 Baby ft. Clipse What Happened To That Boy
32%
Lord Willin' 21 Weeks #19 Clipse When the Last Time
28%
No matching quizzes found
Score Distribution
Percent of People with Each Score
Percentile by Number Answered
Your Score History
You have not taken this quiz since the last reset